Thế giới cuối thế kỷ nhìn lại

Sách cung cấp một số thông tin - tư liệu về những sự kiện chính trị, kinh tế, văn hóa, xã hội đã diển ra trên thế giới từ tháng đầu, năm đầu của thế kỷ XX

में बचाया:
ग्रंथसूची विवरण
मुख्य लेखक: Trình Phố
स्वरूप: पुस्तक
भाषा:Undetermined
प्रकाशित: Hà Nội Lao động 1997
विषय:
टैग : टैग जोड़ें
कोई टैग नहीं, इस रिकॉर्ड को टैग करने वाले पहले व्यक्ति बनें!
Thư viện lưu trữ: Trung tâm Học liệu Trường Đại học Cần Thơ
LEADER 00757nam a2200181Ia 4500
001 CTU_17619
008 210402s9999 xx 000 0 und d
082 |a 909.82 
082 |b Ph450 
100 |a Trình Phố 
245 0 |a Thế giới cuối thế kỷ nhìn lại 
245 0 |c Trình Phố 
260 |a Hà Nội 
260 |b Lao động 
260 |c 1997 
520 |a Sách cung cấp một số thông tin - tư liệu về những sự kiện chính trị, kinh tế, văn hóa, xã hội đã diển ra trên thế giới từ tháng đầu, năm đầu của thế kỷ XX 
650 |a history, modern,world history 
980 |a Trung tâm Học liệu Trường Đại học Cần Thơ